Sửa chữa và quấn lại động cơ điện : Dùng cho các trường đào tạo hệ trung cấp chuyên nghiệp và dạy nghề

সংরক্ষণ করুন:
গ্রন্থ-পঞ্জীর বিবরন
প্রধান লেখক: Bùi, Văn Yên
বিন্যাস: গ্রন্থ
ভাষা:Undetermined
প্রকাশিত: Hà Nội Giáo dục 2007
বিষয়গুলি:
ট্যাগগুলো: ট্যাগ যুক্ত করুন
কোনো ট্যাগ নেই, প্রথমজন হিসাবে ট্যাগ করুন!
Thư viện lưu trữ: Trung tâm Học liệu Trường Đại học Cần Thơ
LEADER 00704nam a2200217Ia 4500
001 CTU_128441
008 210402s9999 xx 000 0 und d
020 |c 22000 
082 |a 621.46 
082 |b Y254 
100 |a Bùi, Văn Yên 
245 0 |a Sửa chữa và quấn lại động cơ điện : 
245 0 |b Dùng cho các trường đào tạo hệ trung cấp chuyên nghiệp và dạy nghề 
245 0 |c Bùi Văn Yên 
260 |a Hà Nội 
260 |b Giáo dục 
260 |c 2007 
650 |a Electric engineering,Electric motors 
650 |x Materials 
904 |i Tuyến 
980 |a Trung tâm Học liệu Trường Đại học Cần Thơ